Grades de l'Armée de l'air française - Statistiques

Statistiques générales
  • Ce quiz a été pris 353 fois
  • Le résultat moyen est 12 sur 20
Statistiques - réponses
Grades principaux Réponse % Correct
Lieutenant
91%
Officiers subalternes Capitaine
87%
Caporal
85%
Officiers supérieurs Colonel
85%
Sergent
84%
Commandant
81%
Sergent-chef
80%
Adjudant
78%
Sous-lieutenant
77%
Adjudant-chef
75%
Militaires du rang Caporal-chef
75%
Sous-officiers Major
75%
Lieutenant-colonel
74%
Aviateur
50%
Général de brigade aérienne
22%
Général de division aérienne
22%
Officiers généraux Général d'armée aérienne
21%
Général de corps aérien
17%
Élève-officier
16%
Aviateur de première classe
13%
Aucun quiz correspondant
Distribution des résultats
% des personnes avec chaque résultat
Percentile par nombre de réponses
Votre historique - résultats
Vous n’avez pas pris ce quiz